[Event "Rheinland Pfalz op 2nd"]
[Site "Schweich"]
[Date "2010.07.17"]
[Round "4"]
[White "Fick, Roland"]
[Black "Fickert, Juergen"]
[Result "1/2-1/2"]
[WhiteElo "2223"]
[BlackElo "1655"]
[PlyCount "39"]
[EventDate "2010.07.16"]
[EventType "swiss"]
[EventRounds "7"]
[EventCountry "GER"]
[SourceTitle "EXT 2012"]
[Source "ChessBase"]
[SourceDate "2011.11.24"]
[SourceVersion "1"]
[SourceVersionDate "2011.11.24"]
[SourceQuality "1"]

1. d4 d5 2. c4 c6 3. Nf3 Nf6 4. Nc3 Bg4 5. Ne5 Nbd7 6. Nxg4 Nxg4 7. e4 Ngf6 8. cxd5 cxd5 9. f3 dxe4 10. fxe4 e6 11. Bd3 Nb6 12. Be3 Bb4 13. a3 Bxc3+ 14. bxc3 0-0 15. 0-0 Rc8 16. Qe1 Rc6 17. Bg5 Nbd7 18. e5 h6 19. Bxf6 gxf6 20. Qg3+ 1/2-1/2

[Event "Rheinland Pfalz op 2nd"]
[Site "Schweich"]
[Date "2010.07.16"]
[Round "1"]
[White "Fickert, Juergen"]
[Black "Thieme Garmann, Alexander"]
[Result "0-1"]
[WhiteElo "1655"]
[BlackElo "2106"]
[PlyCount "38"]
[EventDate "2010.07.16"]
[EventType "swiss"]
[EventRounds "7"]
[EventCountry "GER"]
[SourceTitle "EXT 2012"]
[Source "ChessBase"]
[SourceDate "2011.11.24"]
[SourceVersion "1"]
[SourceVersionDate "2011.11.24"]
[SourceQuality "1"]

1. d4 Nf6 2. c4 e6 3. Bg5 h6 4. Bh4 b6 5. Nc3 Bb4 6. Qb3 a5 7. a3 Bxc3+ 8. Qxc3 Bb7 9. Rd1 g5 10. Bg3 Ne4 11. Qd3 d6 12. d5 Nxg3 13. Qxg3 Qf6 14. Rd2 Nd7 15. h4 0-0-0 16. Nf3 Qg6 17. Rd3 Nc5 18. Rd1 Ne4 19. Qh3 g4 0-1

[Event "Rheinland Pfalz op 2nd"]
[Site "Schweich"]
[Date "2010.07.16"]
[Round "2"]
[White "Zimmer, Luca"]
[Black "Fickert, Juergen"]
[Result "0-1"]
[WhiteElo "894"]
[BlackElo "1655"]
[PlyCount "70"]
[EventDate "2010.07.16"]
[EventType "swiss"]
[EventRounds "7"]
[EventCountry "GER"]
[SourceTitle "EXT 2012"]
[Source "ChessBase"]
[SourceDate "2011.11.24"]
[SourceVersion "1"]
[SourceVersionDate "2011.11.24"]
[SourceQuality "1"]

1. e4 c5 2. Bc4 Nc6 3. Nf3 e6 4. Nc3 g6 5. b3 Bg7 6. Bb2 Nge7 7. 0-0 0-0 8. h3 a6 9. Re1 b5 10. Bd3 Bb7 11. Ba3 b4 12. Bb2 bxc3 13. dxc3 Ne5 14. Nxe5 Bxe5 15. Qd2 Qc7 16. Rad1 Qc6 17. Kh1 f5 18. f3 Qc7 19. Rb1 Rf7 20. c4 Bxb2 21. Rxb2 fxe4 22. Bxe4 Bxe4 23. Rxe4 Nf5 24. Re1 Ng3+ 25. Kg1 Qf4 26. Qxf4 Rxf4 27. Kh2 Nf5 28. g3 Rxf3 29. g4 Nd4 30. a3 Raf8 31. b4 Rxa3 32. b5 Nf3+ 33. Kg3 Nxe1+ 34. Kh4 h6 35. b6 Ng2# 0-1